000 00921nam a2200265 i 4500
003 DO-SdBNP
005 20240820141700.0
007 ta
008 240820b2024 dr ac||| |||| 00| 0 spa d
020 _a9789945189353
040 _aDO-SdBNP
_bspa
_cBNPHU
_erda
082 4 _222
100 _aDíaz Stern, María de,
_924869
_eautor
245 1 3 _aLa jacagüera /
_cMaría Díaz de Stern ; corrección, Begoña Mínguez Casariego
264 _aSanto Domingo :
_bClinica Oftalmológica de Santo Domingo,
_c@2024.
300 _a135 páginas :
_bilustraciones, retratos ;
_c22 cm.
336 _2rdacontent
_atexto
_btxt
337 _2rdamedia
_asin medición
_bn
338 _2rdacarrier
_avolumen
_bnc
500 _aIncluye datos biográficos del autor en la solapa de la cubierta
590 _aInventariado, 2024/BT
700 _aMínguez Casariego, Begoña,
_ecorrección
_983541
910 _aBtavárez
942 _2ddc
_cLBS1
999 _c57498
_d57498